[Event "BL2-Nord 2223"]
[Site "Germany"]
[Date "2023.03.18"]
[Round "9.6"]
[White "Joachim, Sven"]
[Black "Sawatzki, Frank"]
[Result "1-0"]
[WhiteElo "2396"]
[BlackElo "2374"]
[PlyCount "59"]
[EventDate "2022.10.22"]
[EventType "team-tourn"]
[EventRounds "10"]
[EventCountry "GER"]
[SourceTitle "EXT 2024"]
[Source "ChessBase"]
[SourceDate "2023.10.10"]
[SourceVersion "1"]
[SourceVersionDate "2023.10.10"]
[SourceQuality "1"]
[WhiteTeam "Werder Bremen II"]
[BlackTeam "St Pauli"]
[WhiteTeamCountry "GER"]
[BlackTeamCountry "GER"]

1. e4 c5 2. Nf3 Nc6 3. Bc4 e6 4. 0-0 d6 5. Re1 Nf6 6. Bb3 Be7 7. c3 e5 8. h3 Qb6 9. Na3 Be6 10. d3 0-0 11. Bxe6 fxe6 12. Nc4 Qc7 13. a4 Nd7 14. Bd2 Rf7 15. b4 cxb4 16. cxb4 Raf8 17. b5 Nd4 18. Nxd4 exd4 19. Re2 Ne5 20. Nxe5 dxe5 21. Rc1 Qd7 22. Qb3 h6 23. Ba5 Bd6 24. Rec2 Qe7 25. Bc7 Rc8 26. Bxd6 Rxc2 27. Qxc2 Qxd6 28. Qc5 Qd8 29. Qxe5 Qa5 30. Qxe6 1-0

[Event "BL2-Nord 2223"]
[Site "Germany"]
[Date "2023.02.05"]
[Round "6.3"]
[White "Joachim, Sven"]
[Black "Sieciechowicz, Marcin"]
[Result "0-1"]
[WhiteElo "2396"]
[BlackElo "2401"]
[PlyCount "64"]
[EventDate "2022.10.22"]
[EventType "team-tourn"]
[EventRounds "10"]
[EventCountry "GER"]
[SourceTitle "EXT 2024"]
[Source "ChessBase"]
[SourceDate "2023.10.10"]
[SourceVersion "1"]
[SourceVersionDate "2023.10.10"]
[SourceQuality "1"]
[WhiteTeam "Werder Bremen II"]
[BlackTeam "Ruedersdorf Glueckauf"]
[WhiteTeamCountry "GER"]
[BlackTeamCountry "GER"]

1. c4 Nf6 2. Nc3 g6 3. e4 d6 4. d4 Bg7 5. Nf3 0-0 6. Be2 e5 7. 0-0 h6 8. Re1 Bg4 9. Be3 Bxf3 10. Bxf3 exd4 11. Bxd4 Nc6 12. Be3 Nd7 13. Qd2 Kh7 14. Be2 Nc5 15. f3 Ne6 16. Bd3 Ncd4 17. f4 f5 18. Kh1 Qd7 19. Bxd4 Nxd4 20. Nb5 fxe4 21. Bxe4 Nxb5 22. cxb5 Qxb5 23. Qc2 Rxf4 24. Bxg6+ Kh8 25. Bd3 Qb6 26. Qe2 Qxb2 27. Bc2 Qd4 28. Rad1 Qc4 29. Bd3 Qf7 30. Rf1 Rf8 31. Rxf4 Qxf4 32. Qe6 Be5 0-1

[Event "BL2-Nord 2223"]
[Site "Germany"]
[Date "2022.10.23"]
[Round "2.2"]
[White "Joachim, Sven"]
[Black "Pfreundt, Jakob"]
[Result "1/2-1/2"]
[WhiteElo "2396"]
[BlackElo "2406"]
[PlyCount "78"]
[EventDate "2022.10.22"]
[EventType "team-tourn"]
[EventRounds "10"]
[EventCountry "GER"]
[SourceTitle "EXT 2024"]
[Source "ChessBase"]
[SourceDate "2023.10.10"]
[SourceVersion "1"]
[SourceVersionDate "2023.10.10"]
[SourceQuality "1"]
[WhiteTeam "Werder Bremen II"]
[BlackTeam "Lister Turm"]
[WhiteTeamCountry "GER"]
[BlackTeamCountry "GER"]

1. Nf3 Nf6 2. c4 e6 3. b3 b6 4. Bb2 Bb7 5. e3 g6 6. Be2 Bg7 7. 0-0 0-0 8. d4 d5 9. Nbd2 Nbd7 10. Rc1 a5 11. Qc2 Qe7 12. cxd5 Nxd5 13. Rfd1 Rfc8 14. Nc4 c5 15. dxc5 Rxc5 16. Bxg7 Kxg7 17. Qb2+ Qf6 18. Qxf6+ N5xf6 19. Nd6 Bd5 20. Bb5 Ra7 21. Rxc5 Nxc5 22. Ne5 Nfe4 23. Nxe4 Nxe4 24. Bc4 Nc3 25. Rd2 Rc7 26. Rc2 Nb1 27. Bd3 Rxc2 28. Bxc2 Nc3 29. a4 f6 30. Nd7 b5 31. axb5 Nxb5 32. Nb6 Na3 33. Nxd5 Nxc2 34. Nf4 Kf7 35. Nd3 Ke7 36. Kf1 Kd6 37. Ke2 Na1 38. b4 axb4 39. Nxb4 Nb3 1/2-1/2

[Event "BL2-Nord 2122"]
[Site "Germany"]
[Date "2022.05.01"]
[Round "4.5"]
[White "Joachim, Sven"]
[Black "Stankovic, Dimitrije"]
[Result "1-0"]
[WhiteElo "2396"]
[BlackElo "2100"]
[PlyCount "63"]
[EventDate "2022.03.05"]
[EventType "team-tourn"]
[EventRounds "10"]
[EventCountry "GER"]
[SourceTitle "EXT 2023"]
[Source "ChessBase"]
[SourceDate "2022.10.05"]
[SourceVersion "1"]
[SourceVersionDate "2022.10.05"]
[SourceQuality "1"]
[WhiteTeam "Werder Bremen II"]
[BlackTeam "Lingen"]
[WhiteTeamCountry "GER"]
[BlackTeamCountry "GER"]

1. Nf3 Nf6 2. c4 g6 3. b3 Bg7 4. Bb2 d5 5. cxd5 Qxd5 6. Nc3 Qa5 7. g3 Bg4 8. Bg2 Bxf3 9. Bxf3 c6 10. 0-0 0-0 11. Rb1 Rd8 12. b4 Qc7 13. b5 Nbd7 14. bxc6 bxc6 15. Qc2 Ne5 16. Bg2 Rac8 17. d3 h6 18. Rfc1 Ne8 19. Ne4 Nd6 20. Nxd6 Rxd6 21. d4 Nd7 22. e3 Kf8 23. Ba3 Rf6 24. e4 g5 25. e5 Rg6 26. Be4 Re6 27. Bf5 Qa5 28. Bxe6 fxe6 29. Rb7 Rd8 30. Bb4 Qd5 31. Qxc6 Qxd4 32. Qxe6 1-0

[Event "BL2-Nord 2122"]
[Site "Germany"]
[Date "2022.03.06"]
[Round "2.4"]
[White "Joachim, Sven"]
[Black "Tazbir, Marcin"]
[Result "1/2-1/2"]
[WhiteElo "2396"]
[BlackElo "2509"]
[PlyCount "52"]
[EventDate "2022.03.05"]
[EventType "team-tourn"]
[EventRounds "10"]
[EventCountry "GER"]
[SourceTitle "EXT 2023"]
[Source "ChessBase"]
[SourceDate "2022.10.05"]
[SourceVersion "1"]
[SourceVersionDate "2022.10.05"]
[SourceQuality "1"]
[WhiteTeam "Werder Bremen II"]
[BlackTeam "Zehlendorf"]
[WhiteTeamCountry "GER"]
[BlackTeamCountry "GER"]

1. e4 c5 2. Nf3 d6 3. d4 cxd4 4. Nxd4 Nf6 5. Nc3 a6 6. Be2 e5 7. Nb3 Be7 8. 0-0 0-0 9. Re1 Nbd7 10. a4 b6 11. Bf1 Bb7 12. Nd2 Qc7 13. Nc4 Rfd8 14. Ne3 Bf8 15. f3 Bc6 16. Bc4 Qb7 17. Qe2 Nc5 18. Ned5 Nxd5 19. Bxd5 Ne6 20. Be3 Nc7 21. Bxc6 Qxc6 22. a5 bxa5 23. Rxa5 Rab8 24. Rb1 Rdc8 25. Qd3 h5 26. Kf1 g6 1/2-1/2

[Event "BL2-Nord 1920"]
[Site "Germany"]
[Date "2020.02.09"]
[Round "8.5"]
[White "Ahlander, Bjorn"]
[Black "Joachim, Sven"]
[Result "1/2-1/2"]
[WhiteElo "2399"]
[BlackElo "2384"]
[PlyCount "93"]
[EventDate "2019.10.19"]
[EventType "team-tourn"]
[EventRounds "9"]
[EventCountry "GER"]
[SourceTitle "CBM 194 Extra"]
[Source "ChessBase"]
[SourceDate "2020.03.31"]
[SourceVersion "1"]
[SourceVersionDate "2020.03.31"]
[SourceQuality "1"]
[WhiteTeam "Berlin SF II"]
[BlackTeam "Werder Bremen II"]
[WhiteTeamCountry "GER"]
[BlackTeamCountry "GER"]

1. d4 Nf6 2. c4 g6 3. Nc3 Bg7 4. e4 d6 5. Nf3 0-0 6. Be2 e5 7. 0-0 Nbd7 8. Be3 c6 9. d5 c5 10. Ne1 Kh8 11. Nd3 Ng8 12. Rb1 b6 13. Qd2 Qe7 14. f4 exf4 15. Bxf4 Ne5 16. Nxe5 Bxe5 17. Bxe5+ Qxe5 18. Rf4 Kg7 19. Rbf1 Bd7 20. Kh1 Rae8 21. Bd3 f6 22. h3 Nh6 23. Qf2 Qe7 24. Rf3 Nf7 25. Rxf6 Ne5 26. Rxf8 Rxf8 27. Qxf8+ Qxf8 28. Rxf8 Kxf8 29. Be2 Ke7 30. Kg1 Kf6 31. Kf2 Be8 32. b3 Bd7 33. Ke3 Kg5 34. Bf1 h5 35. Kf2 h4 36. Ke3 Kf6 37. Be2 Kg5 38. Nd1 Kf6 39. Nf2 Bc8 40. Kf4 Bd7 41. Ke3 Bc8 42. Nd1 Kg5 43. Nc3 Bd7 44. Bf1 Be8 45. a3 a5 46. Be2 Bd7 47. Bf1 1/2-1/2

[Event "BL2-Nord 1920"]
[Site "Germany"]
[Date "2019.12.08"]
[Round "6.4"]
[White "Berg, Klaus"]
[Black "Joachim, Sven"]
[Result "0-1"]
[WhiteElo "2288"]
[BlackElo "2384"]
[PlyCount "64"]
[EventDate "2019.10.19"]
[EventType "team-tourn"]
[EventRounds "9"]
[EventCountry "GER"]
[SourceTitle "CBM 194 Extra"]
[Source "ChessBase"]
[SourceDate "2020.03.31"]
[SourceVersion "1"]
[SourceVersionDate "2020.03.31"]
[SourceQuality "1"]
[WhiteTeam "Kiel Turm II"]
[BlackTeam "Werder Bremen II"]
[WhiteTeamCountry "GER"]
[BlackTeamCountry "GER"]

1. c4 e5 2. e3 Nf6 3. Nc3 Bb4 4. Nge2 0-0 5. a3 Be7 6. d4 exd4 7. Nxd4 d5 8. cxd5 Nxd5 9. Qb3 Nxc3 10. bxc3 c5 11. Nf3 Nc6 12. Be2 Bf5 13. 0-0 Na5 14. Qa4 a6 15. Qf4 Bd3 16. Ra2 Bxe2 17. Rxe2 b5 18. Rd2 Qc8 19. a4 Bf6 20. axb5 axb5 21. Rc2 Nc4 22. Nd2 Ra4 23. Qf3 Rd8 24. Nb3 Rd3 25. Rd1 Qd8 26. Rf1 Qc7 27. Rd1 Qd6 28. Rf1 Qc7 29. Qf5 Rxc3 30. Rxc3 Bxc3 31. Nxc5 g6 32. Qd5 Nb6 0-1

[Event "Oberliga Nord W 1819"]
[Site "Germany"]
[Date "2018.11.25"]
[Round "3.2"]
[White "Joachim, Sven"]
[Black "Tonndorf, Matthias"]
[Result "1/2-1/2"]
[WhiteElo "2394"]
[BlackElo "2216"]
[PlyCount "142"]
[EventDate "2018.10.21"]
[EventType "team-tourn"]
[EventRounds "9"]
[EventCountry "GER"]
[SourceTitle "EXT 2020"]
[Source "ChessBase"]
[SourceDate "2019.10.17"]
[SourceVersion "1"]
[SourceVersionDate "2019.10.17"]
[SourceQuality "1"]
[WhiteTeam "Werder Bremen II"]
[BlackTeam "Hameln"]
[WhiteTeamCountry "GER"]
[BlackTeamCountry "GER"]

1. g3 g6 2. Bg2 Bg7 3. d4 c5 4. c3 cxd4 5. cxd4 Nf6 6. e4 0-0 7. Nc3 d6 8. Nge2 Nbd7 9. 0-0 Nb6 10. b3 Bd7 11. Bb2 Rb8 12. Qd2 Nc8 13. Rfd1 b5 14. Nf4 b4 15. Nce2 Qa5 16. a3 Qb5 17. a4 Qg5 18. Rac1 Ne8 19. h4 Qh6 20. Rc2 a5 21. Bc1 e5 22. dxe5 Bxe5 23. Qd5 Qg7 24. Qxa5 Nf6 25. Nd3 Be6 26. Rcd2 Bxb3 27. Re1 Nb6 28. Nxe5 dxe5 29. Qxe5 Nc4 30. Qd4 Nxd2 31. Qxd2 Rfd8 32. Qb2 Rd1 33. Rxd1 Bxd1 34. Nc3 Bg4 35. Nb5 Nd7 36. Qxb4 Qa1 37. Qc3 Qxa4 38. Bb2 f6 39. Nd4 Ne5 40. Bf1 Qb4 41. Ba1 Qxc3 42. Bxc3 Rb1 43. Kg2 Bh3+ 44. Kxh3 Rxf1 45. Kg2 Rd1 46. Ne2 Nd7 47. Nf4 Kf7 48. Kf3 Rb1 49. Ke2 Ne5 50. f3 Rc1 51. Nd5 Nd7 52. Ke3 Rg1 53. Kf2 Rh1 54. Kg2 Rd1 55. Kf2 Rc1 56. Ke3 Nb6 57. Bd4 Nxd5+ 58. exd5 Rc2 59. Ba7 Rg2 60. Bb8 h5 61. Bf4 Ke7 62. Ke4 Kd7 63. Ke3 Ra2 64. Ke4 Re2+ 65. Kd4 Re8 66. Kd3 Rg8 67. Ke4 g5 68. Bd2 gxh4 69. gxh4 Rg3 70. Be1 Rg1 71. Bc3 Ke7 1/2-1/2

[Event "Oberliga Nord W 1819"]
[Site "Germany"]
[Date "2018.11.11"]
[Round "2.3"]
[White "Joachim, Sven"]
[Black "Pawelzik, Malte"]
[Result "1/2-1/2"]
[WhiteElo "2394"]
[BlackElo "2127"]
[PlyCount "68"]
[EventDate "2018.10.21"]
[EventType "team-tourn"]
[EventRounds "9"]
[EventCountry "GER"]
[SourceTitle "EXT 2020"]
[Source "ChessBase"]
[SourceDate "2019.10.17"]
[SourceVersion "1"]
[SourceVersionDate "2019.10.17"]
[SourceQuality "1"]
[WhiteTeam "Werder Bremen II"]
[BlackTeam "Hannover SF"]
[WhiteTeamCountry "GER"]
[BlackTeamCountry "GER"]

1. e4 e6 2. d4 d5 3. Nc3 Bb4 4. e5 c5 5. a3 Bxc3+ 6. bxc3 Ne7 7. Qg4 cxd4 8. Qxg7 Rg8 9. Qxh7 Qc7 10. Ne2 Nbc6 11. f4 dxc3 12. h4 d4 13. h5 Bd7 14. h6 0-0-0 15. Qd3 Kb8 16. h7 Rh8 17. g4 Bc8 18. Bg2 Qb6 19. Ng3 Nd5 20. Bxd5 Rxd5 21. Ne4 Ka8 22. Kf2 Qc7 23. Nf6 Rdd8 24. Rb1 b6 25. Rh5 Bb7 26. Rg5 Ne7 27. Rg7 Qc6 28. Rxf7 Qg2+ 29. Ke1 Nd5 30. Qe2 Qh1+ 31. Qf1 Qh4+ 32. Qf2 Qh1+ 33. Qf1 Qh4+ 34. Qf2 Qh1+ 1/2-1/2

[Event "Oberliga Nord W 1819"]
[Site "Germany"]
[Date "2018.10.21"]
[Round "1.4"]
[White "Joachim, Sven"]
[Black "Mossakowski, Florian"]
[Result "1-0"]
[WhiteElo "2394"]
[BlackElo "2291"]
[PlyCount "65"]
[EventDate "2018.10.21"]
[EventType "team-tourn"]
[EventRounds "9"]
[EventCountry "GER"]
[SourceTitle "EXT 2020"]
[Source "ChessBase"]
[SourceDate "2019.10.17"]
[SourceVersion "1"]
[SourceVersionDate "2019.10.17"]
[SourceQuality "1"]
[WhiteTeam "Werder Bremen II"]
[BlackTeam "Delmenhorst"]
[WhiteTeamCountry "GER"]
[BlackTeamCountry "GER"]

1. e4 c5 2. Nf3 Nc6 3. Nc3 d6 4. d4 cxd4 5. Nxd4 Nf6 6. Bg5 e6 7. Qd2 Be7 8. 0-0-0 0-0 9. f4 Nxd4 10. Qxd4 Qa5 11. Bc4 Bd7 12. e5 dxe5 13. fxe5 Bc6 14. Bd2 Nd7 15. Nd5 Qd8 16. Nxe7+ Qxe7 17. Rhe1 Rfd8 18. Qg4 Nf8 19. Bd3 Rxd3 20. cxd3 Qc5+ 21. Kb1 Qd5 22. Bb4 Ng6 23. Qe4 Qd7 24. Qe2 Nf4 25. Qg4 Nxg2 26. Rg1 h5 27. Qxh5 Qd4 28. Be7 Re8 29. Qg5 Rxe7 30. Qxe7 Qxe5 31. Rdf1 f5 32. Rf2 Ne3 33. Rxg7+ 1-0

[Event "BL2-Nord 1718"]
[Site "Germany"]
[Date "2017.10.22"]
[Round "2.3"]
[White "Sroczynski, Maciej"]
[Black "Joachim, Sven"]
[Result "1/2-1/2"]
[WhiteElo "2314"]
[BlackElo "2395"]
[PlyCount "55"]
[EventDate "2017.10.08"]
[EventType "team-tourn"]
[EventRounds "9"]
[EventCountry "GER"]
[SourceTitle "CBM 183 Extra"]
[Source "ChessBase"]
[SourceDate "2018.04.19"]
[SourceVersion "1"]
[SourceVersionDate "2018.04.19"]
[SourceQuality "1"]
[WhiteTeam "Glueck Auf Ruedersdorf"]
[BlackTeam "Werder Bremen II"]
[WhiteTeamCountry "GER"]
[BlackTeamCountry "GER"]

1. d4 Nf6 2. c4 g6 3. Nc3 Bg7 4. e4 d6 5. Nf3 0-0 6. Be2 e5 7. 0-0 Na6 8. Be3 Ng4 9. Bg5 Qe8 10. dxe5 dxe5 11. h3 f6 12. Bd2 Nh6 13. c5 Nxc5 14. Qc1 Nf7 15. Nd5 Ne6 16. Nxc7 Nxc7 17. Qxc7 Nd8 18. b4 Be6 19. b5 Rf7 20. Qc2 b6 21. Rfc1 Bf8 22. Bc4 Ba3 23. Bxe6 Nxe6 24. Rcb1 Rd8 25. Qb3 Bc5 26. a4 Rfd7 27. Rd1 Qf7 28. Bc3 1/2-1/2

[Event "BL2-Nord 1617"]
[Site "Germany"]
[Date "2017.04.23"]
[Round "8.2"]
[White "Joachim, Sven"]
[Black "Kanarek, Marcel"]
[Result "0-1"]
[WhiteElo "2405"]
[BlackElo "2522"]
[PlyCount "62"]
[EventDate "2016.10.16"]
[EventType "team-tourn"]
[EventRounds "9"]
[EventCountry "GER"]
[SourceTitle "EXT 2018"]
[Source "ChessBase"]
[SourceDate "2017.10.13"]
[SourceVersion "1"]
[SourceVersionDate "2017.10.13"]
[SourceQuality "1"]
[WhiteTeam "Werder Bremen II"]
[BlackTeam "Ruedersdorf"]
[WhiteTeamCountry "GER"]
[BlackTeamCountry "GER"]

1. e4 c5 2. Nc3 d6 3. f4 Nc6 4. Nf3 g6 5. Bb5 Bd7 6. 0-0 Bg7 7. d3 a6 8. Bxc6 Bxc6 9. Qe1 Nf6 10. Kh1 Nd7 11. Qg3 b5 12. f5 b4 13. Ne2 Ne5 14. Nf4 Nxf3 15. Qxf3 0-0 16. Qg4 Qd7 17. Rf3 d5 18. exd5 Bxd5 19. Rg3 Bc6 20. Rb1 e6 21. fxe6 fxe6 22. Be3 Rf5 23. Qe2 Be5 24. Rg4 Qd6 25. Nxg6 hxg6 26. Rxg6+ Kf7 27. Qg4 Rh8 28. h3 Rxh3+ 29. Qxh3 Kxg6 30. Qh6+ Kf7 31. Qh7+ Bg7 0-1

[Event "BL2-Nord 1617"]
[Site "Germany"]
[Date "2016.10.16"]
[Round "1.2"]
[White "Joachim, Sven"]
[Black "Pakleza, Zbigniew"]
[Result "1-0"]
[WhiteElo "2401"]
[BlackElo "2499"]
[PlyCount "69"]
[EventDate "2016.10.16"]
[EventType "team-tourn"]
[EventRounds "9"]
[EventCountry "GER"]
[SourceTitle "CBM 175 Extra"]
[Source "ChessBase"]
[SourceDate "2016.12.12"]
[SourceVersion "1"]
[SourceVersionDate "2016.12.12"]
[SourceQuality "1"]
[WhiteTeam "Werder Bremen II"]
[BlackTeam "Kiel Turm"]
[WhiteTeamCountry "GER"]
[BlackTeamCountry "GER"]

1. e4 e5 2. Nf3 d6 3. d4 exd4 4. Nxd4 Nf6 5. Nc3 Be7 6. Be2 0-0 7. Bf4 c6 8. Qd2 b5 9. a3 Re8 10. 0-0 Bf8 11. Bf3 a5 12. Nxc6 Nxc6 13. e5 Ra6 14. exf6 Qxf6 15. Nxb5 Ne5 16. Bd5 Qd8 17. Rfe1 a4 18. b4 axb3 19. cxb3 Bd7 20. a4 h6 21. Rad1 Ng4 22. Bc4 Rxe1+ 23. Rxe1 d5 24. Nc7 dxc4 25. Nxa6 cxb3 26. h3 Nf6 27. Nb8 Qc8 28. Rc1 Qe8 29. Nxd7 Nxd7 30. Be3 Ne5 31. Qc3 b2 32. Rb1 Ng6 33. a5 Qe6 34. Qxb2 Nh4 35. Qb7 1-0

[Event "BL2-Nord 1516"]
[Site "Germany"]
[Date "2016.01.31"]
[Round "6.4"]
[White "Joachim, Sven"]
[Black "Seils, Joerg"]
[Result "1/2-1/2"]
[WhiteElo "2399"]
[BlackElo "2327"]
[PlyCount "40"]
[EventDate "2015.09.19"]
[EventType "team-tourn"]
[EventRounds "9"]
[EventCountry "GER"]
[SourceTitle "EXT 2017"]
[Source "ChessBase"]
[SourceDate "2016.10.25"]
[SourceVersion "1"]
[SourceVersionDate "2016.10.25"]
[SourceQuality "1"]
[WhiteTeam "Werder Bremen II"]
[BlackTeam "Pankow Rotation"]
[WhiteTeamCountry "GER"]
[BlackTeamCountry "GER"]

1. e4 Nf6 2. e5 Nd5 3. d4 d6 4. Nf3 dxe5 5. Nxe5 c6 6. Be2 Bf5 7. 0-0 Nd7 8. Nf3 e6 9. a3 Be7 10. c4 N5f6 11. Nc3 h6 12. d5 exd5 13. cxd5 cxd5 14. Nxd5 0-0 15. Bf4 Bc5 16. b4 Bb6 17. Rc1 Be4 18. Nxb6 Nxb6 19. Qxd8 Rfxd8 20. Rfd1 Nfd5 1/2-1/2

[Event "BL2-Nord 1516"]
[Site "Germany"]
[Date "2016.01.17"]
[Round "5.3"]
[White "Joachim, Sven"]
[Black "Bracker, Frank"]
[Result "1/2-1/2"]
[WhiteElo "2399"]
[BlackElo "2402"]
[PlyCount "86"]
[EventDate "2015.09.19"]
[EventType "team-tourn"]
[EventRounds "9"]
[EventCountry "GER"]
[SourceTitle "EXT 2017"]
[Source "ChessBase"]
[SourceDate "2016.10.25"]
[SourceVersion "1"]
[SourceVersionDate "2016.10.25"]
[SourceQuality "1"]
[WhiteTeam "Werder Bremen II"]
[BlackTeam "Hamburger SK II"]
[WhiteTeamCountry "GER"]
[BlackTeamCountry "GER"]

1. e4 c5 2. Nf3 d6 3. d4 cxd4 4. Nxd4 Nf6 5. Nc3 a6 6. Qd3 g6 7. Bg5 Bg7 8. 0-0-0 Nbd7 9. Be2 b5 10. Nc6 Qc7 11. Nxe7 Nc5 12. Qxd6 Qxd6 13. Rxd6 Nfxe4 14. Nxe4 Nxe4 15. Nxc8 Rxc8 16. Bxb5+ Kf8 17. Bxa6 Nxd6 18. Bxc8 Nxc8 19. Rd1 f6 20. Be3 Ke7 21. a4 Rd8 22. Bc5+ Ke8 23. Rxd8+ Kxd8 24. c4 f5 25. Kc2 Be5 26. h3 Kc7 27. b4 Nd6 28. Bxd6+ Kxd6 29. a5 Bd4 30. f3 Kc6 31. Kb3 Bf2 32. Ka4 g5 33. Kb3 h5 34. g4 fxg4 35. fxg4 hxg4 36. hxg4 Bg3 37. Ka4 Bf2 38. Ka3 Bd4 39. Kb3 Bf2 40. Ka4 Be3 41. Kb3 Bf2 42. Kc2 Be1 43. Kb3 Bf2 1/2-1/2

[Event "Bundesliga 1516"]
[Site "Germany"]
[Date "2015.09.18"]
[Round "7.7"]
[White "Richter, Christian"]
[Black "Joachim, Sven"]
[Result "1/2-1/2"]
[WhiteElo "2366"]
[BlackElo "2399"]
[PlyCount "50"]
[EventDate "2015.09.18"]
[EventType "team-tourn"]
[EventRounds "15"]
[EventCountry "GER"]
[SourceTitle "CBM 171"]
[Source "ChessBase"]
[SourceDate "2016.03.14"]
[SourceVersion "2"]
[SourceVersionDate "2016.03.14"]
[SourceQuality "1"]
[WhiteTeam "Emsdetten Turm"]
[BlackTeam "Werder Bremen"]
[WhiteTeamCountry "GER"]
[BlackTeamCountry "GER"]

1. d4 Nf6 2. Nf3 g6 3. g3 Bg7 4. Bg2 d5 5. 0-0 0-0 6. c4 c6 7. cxd5 cxd5 8. Ne5 Ng4 9. Nf3 Nf6 10. Ne5 Ng4 11. Nxg4 Bxg4 12. Nc3 Nc6 13. h3 Be6 14. e3 Qd7 15. Kh2 Rac8 16. Bd2 Rfd8 17. Rc1 f6 18. Ne2 Bf7 19. Qb3 e5 20. Rfd1 exd4 21. Nxd4 Nxd4 22. exd4 Rc4 23. Bf4 Rdc8 24. Rxc4 Rxc4 25. Bf1 Rc8 1/2-1/2

[Event "Oberliga Nord W 1415"]
[Site "Germany"]
[Date "2015.03.15"]
[Round "8.1"]
[White "Ermel, Dirk"]
[Black "Joachim, Sven"]
[Result "0-1"]
[WhiteElo "2143"]
[BlackElo "2393"]
[PlyCount "74"]
[EventDate "2014.09.22"]
[EventType "team-tourn"]
[EventRounds "9"]
[EventCountry "GER"]
[SourceTitle "EXT 2016"]
[Source "ChessBase"]
[SourceDate "2015.10.08"]
[SourceVersion "1"]
[SourceVersionDate "2015.10.08"]
[SourceQuality "1"]
[WhiteTeam "Hildesheim"]
[BlackTeam "Werder Bremen II"]
[WhiteTeamCountry "GER"]
[BlackTeamCountry "GER"]

1. d4 Nf6 2. Bf4 g6 3. e3 Bg7 4. Nf3 0-0 5. Be2 d6 6. 0-0 Nc6 7. c4 Nh5 8. Bg5 h6 9. Bh4 g5 10. Nfd2 Nf4 11. exf4 gxh4 12. Nb3 e5 13. fxe5 dxe5 14. dxe5 Bxe5 15. Qxd8 Rxd8 16. Nc3 Bf5 17. Rad1 Nb4 18. a3 Bxc3 19. bxc3 Na2 20. Bf3 Rxd1 21. Bxd1 Re8 22. Nc5 b6 23. Ba4 Re7 24. Nb3 Bd3 25. Ra1 Nxc3 26. Bc6 Bxc4 27. Nd4 Ne2+ 28. Nxe2 Rxe2 29. g3 Re6 30. Bf3 c5 31. Bg4 Rd6 32. Re1 Be6 33. Bh5 b5 34. f4 hxg3 35. hxg3 Rd3 36. g4 Bxg4 37. Re8+ Kg7 0-1

[Event "Oberliga Nord W 1415"]
[Site "Germany"]
[Date "2014.11.09"]
[Round "3.1"]
[White "Lingnau, Carsten"]
[Black "Joachim, Sven"]
[Result "1/2-1/2"]
[WhiteElo "2395"]
[BlackElo "2393"]
[PlyCount "40"]
[EventDate "2014.09.22"]
[EventType "team-tourn"]
[EventRounds "9"]
[EventCountry "GER"]
[SourceTitle "EXT 2016"]
[Source "ChessBase"]
[SourceDate "2015.10.08"]
[SourceVersion "1"]
[SourceVersionDate "2015.10.08"]
[SourceQuality "1"]
[WhiteTeam "Hellern"]
[BlackTeam "Werder Bremen II"]
[WhiteTeamCountry "GER"]
[BlackTeamCountry "GER"]

1. d4 Nf6 2. c4 g6 3. Nf3 Bg7 4. g3 c6 5. Bg2 d5 6. cxd5 cxd5 7. Ne5 Ne4 8. Nd2 Nd7 9. Nxd7 Qxd7 10. Nxe4 dxe4 11. Bxe4 Qxd4 12. Qxd4 Bxd4 13. 0-0 0-0 14. Rd1 Bg7 15. Be3 Be6 16. Bc5 Bxb2 17. Rab1 Bf6 18. a4 Rac8 19. Bxa7 Rc4 20. Bxb7 Rxa4 1/2-1/2

[Event "Oberliga Nord W 1415"]
[Site "Germany"]
[Date "2014.10.19"]
[Round "2.2"]
[White "Hedke, Fred"]
[Black "Joachim, Sven"]
[Result "0-1"]
[WhiteElo "2276"]
[BlackElo "2393"]
[PlyCount "76"]
[EventDate "2014.09.22"]
[EventType "team-tourn"]
[EventRounds "9"]
[EventCountry "GER"]
[SourceTitle "EXT 2016"]
[Source "ChessBase"]
[SourceDate "2015.10.08"]
[SourceVersion "1"]
[SourceVersionDate "2015.10.08"]
[SourceQuality "1"]
[WhiteTeam "Delmenhorst"]
[BlackTeam "Werder Bremen II"]
[WhiteTeamCountry "GER"]
[BlackTeamCountry "GER"]

1. d4 d5 2. g3 Nf6 3. Nf3 g6 4. Bg2 Bg7 5. 0-0 0-0 6. Nbd2 c6 7. Re1 Bf5 8. c3 Nbd7 9. a4 a5 10. h3 h6 11. b3 Ne4 12. Bb2 Nxd2 13. Nxd2 e5 14. e3 Re8 15. Rc1 Qb6 16. Ba1 Rad8 17. Kh2 h5 18. Qf3 Nf6 19. Qd1 exd4 20. cxd4 Qc7 21. Kg1 Bf8 22. Bc3 Ba3 23. Ra1 Bd6 24. Rc1 Re7 25. Ra1 Rde8 26. Qc1 Qd7 27. h4 Qc7 28. Ra2 Bd3 29. Nf1 Ne4 30. Bxe4 Bxe4 31. Qd2 Qd7 32. f4 b6 33. Qd1 f6 34. Rh2 Qf5 35. Rd2 Rg7 36. Qe2 Ree7 37. Nh2 Qh3 38. Qf2 g5 0-1

[Event "BL2-Nord 1314"]
[Site "Germany"]
[Date "2013.10.13"]
[Round "1.3"]
[White "Joachim, Sven"]
[Black "Kyas, Philipp"]
[Result "1-0"]
[WhiteElo "2422"]
[BlackElo "2060"]
[PlyCount "83"]
[EventDate "2013.10.13"]
[EventType "team-tourn"]
[EventRounds "9"]
[EventCountry "GER"]
[SourceTitle "EXT 2015"]
[Source "ChessBase"]
[SourceDate "2014.11.20"]
[SourceVersion "1"]
[SourceVersionDate "2014.11.20"]
[SourceQuality "1"]
[WhiteTeam "Werder Bremen II"]
[BlackTeam "Goettingen"]
[WhiteTeamCountry "GER"]
[BlackTeamCountry "GER"]

1. e4 e5 2. Nf3 Nc6 3. Bb5 a6 4. Ba4 Nf6 5. 0-0 b5 6. Bb3 Be7 7. d3 d6 8. a3 0-0 9. Nc3 Bg4 10. Be3 Na5 11. Ba2 c6 12. h3 Be6 13. Bxe6 fxe6 14. b4 Nb7 15. Ne2 Qc7 16. Ng3 d5 17. c3 a5 18. Qe2 Bd6 19. Bd2 c5 20. d4 axb4 21. axb4 Rxa1 22. Rxa1 dxe4 23. Nxe4 cxd4 24. cxd4 exd4 25. Ra7 Qb6 26. Nxd6 Nxd6 27. Qxe6+ Kh8 28. Qe7 Rg8 29. Ne5 h6 30. Ng6+ Kh7 31. Nf8+ Kh8 32. Ng6+ Kh7 33. Nf8+ Kh8 34. Qxf6 Qxa7 35. Qxd6 Qa8 36. Ng6+ Kh7 37. Ne7 Re8 38. Qg6+ Kh8 39. Nf5 Rg8 40. Bxh6 Qa1+ 41. Kh2 d3 42. Qh5 1-0